Juvenilia: selecciones

Furkejuvvon:
Bibliográfalaš dieđut
Váldodahkki: Cané, Miguel (Dahkki)
Materiálatiipa: Girji
Giella:espánnjágiella
Almmustuhtton: Buenos Aires Marcos Sastre 1951
Preanttus:1a. ed
Ráidu:Biblioteca de Clásicos Castellanos, 11
Fáttát:
Fáddágilkorat: Lasit fáddágilkoriid
Eai fáddágilkorat, Lasit vuosttaš fáddágilkora!

MARC

LEADER 00000cam a2200000 a 4500
001 UCE4790
003 CL-VaPUC
008 141113e19510000ag |||||||||||||||||spa|d
082 0 4 |a Ur863  |b CAN  |2 21 
100 0 |a Cané, Miguel  |e author  |9 420385 
245 1 0 |a Juvenilia: selecciones 
250 |a 1a. ed 
300 |a 64 p 
942 |c BK 
945 |d 20141113 14:00:00  |a dcastane 
260 |a Buenos Aires  |b Marcos Sastre  |c 1951 
650 0 |a Novelas uruguayas  |9 317140 
650 0 |a Literatura uruguaya  |9 342815 
583 |a last modification  |c 20141113 14:00:00  |k Rodrigo Vera 
490 0 |a Biblioteca de Clásicos Castellanos, 11 
999 |c 357670  |d 357668 
952 |0 0  |1 0  |3 erb  |4 0  |6 UR_863_000000000000000_CAN_1951  |7 0  |8 X  |9 465708  |a FDOBUD  |b FDOBUD  |i 5107164  |o Ur863 CAN 1951  |p 5107164  |r 2019-11-23  |w 2019-11-23  |y BK_X  |z Catalogado en:20141113  |k BUD